000 00677nam a2200205 i 4500
001 62501
003 ES-MaACL
005 20230906164700.0
007 t|
008 031121s1939 sp |||| | spa d
080 _a86-131"11"Poema del Cid 1.06
080 _a84-131"10"Chanson de Roland 1.06
100 1 _aFernández-Flórez, Darío.
_949786
245 1 0 _aDos claves históricas
_b: Mio Cid y Roldán /
_cDarío Fernández Flórez.
260 _aMadrid :
_b[s.n.],
_c1939 (
_fImp. Silverio Aguirre)
300 _a146 p. ;
_c20 cm.
630 0 4 _aPoema del Cid-
_xCrítica e interpretación.
_9123906
630 3 4 _aLa Chanson de Roland.
_9160538
852 _aES-MaACL
_jA-4990
999 _c62501
_d62501